00540 2200169 4500001002100000005001500021035002000036245010900056100003100165250001100196300002500207700002100232700002100253260006800274082001100342084001700353INLIS00000000000032420250206010255 a0010-02250000011 aCagar Budaya Kabupaten Balangan :bKekayaan Sejarah dan Warisan Budaya /cBambang Sakti Wiku Atmojo, dkk1 aAtmojo, Bambang Sakti Wiku aCet. 1 axiv+82 hlm ;c20.5cm1 aSetyawan, Dharma1 aHabibi, Muhammad aBalangan :bDinas Pendidikan dan Kebuayaan Kab. Balangan,c2024 a959.83 a959.83 ATM c